000 00491nam a2200181Ia 4500
005 20250923144245.0
008 008 250917s9999 xx 000 0 eng d
037 _aTextual
040 _aDSWL
_beng
_cDSWL
041 _aeng
_2eng
084 _qDSWL
100 _aWasserman, Louis
_9822915
245 0 _aModern political philosophies
_cby Louis Wasserman
260 _aPhiladelphia
_bBlakis
_c1944
300 _a287 p.
942 _cTEXL
999 _c1436668
_d1436668